<?xml version="1.0" encoding="UTF-8"?>
<record
    xmlns:xsi="http://www.w3.org/2001/XMLSchema-instance"
    xsi:schemaLocation="http://www.loc.gov/MARC21/slim http://www.loc.gov/standards/marcxml/schema/MARC21slim.xsd"
    xmlns="http://www.loc.gov/MARC21/slim">

  <leader>02631nam a2200325 i 4500</leader>
  <controlfield tag="003">CSPC</controlfield>
  <controlfield tag="005">20231213230244.0</controlfield>
  <controlfield tag="008">231201s2020    cau      b    001 0 eng d</controlfield>
  <datafield tag="020" ind1=" " ind2=" ">
    <subfield code="a">9781646113194</subfield>
  </datafield>
  <datafield tag="040" ind1=" " ind2=" ">
    <subfield code="c">CSPC</subfield>
    <subfield code="a">CSPC</subfield>
    <subfield code="b">eng</subfield>
  </datafield>
  <datafield tag="050" ind1=" " ind2="4">
    <subfield code="a">PE1112</subfield>
    <subfield code="b">.D545 2020 </subfield>
  </datafield>
  <datafield tag="082" ind1="0" ind2="4">
    <subfield code="2">23</subfield>
    <subfield code="a">428.24</subfield>
    <subfield code="b">D569e</subfield>
  </datafield>
  <datafield tag="100" ind1="1" ind2=" ">
    <subfield code="a">DiGiacomo, Michael,</subfield>
    <subfield code="e">author. </subfield>
  </datafield>
  <datafield tag="245" ind1="1" ind2="0">
    <subfield code="a">The English grammar workbook for adults : </subfield>
    <subfield code="b">a self-study guide to improve functional writing /</subfield>
    <subfield code="c">Michael DiGiacomo. </subfield>
  </datafield>
  <datafield tag="264" ind1=" " ind2="1">
    <subfield code="a">Emeryville, California : </subfield>
    <subfield code="b">Rockridge Press, </subfield>
    <subfield code="c">2020.</subfield>
  </datafield>
  <datafield tag="300" ind1=" " ind2=" ">
    <subfield code="a">viii, 196 pages ;</subfield>
    <subfield code="c">26 cm. </subfield>
  </datafield>
  <datafield tag="336" ind1=" " ind2=" ">
    <subfield code="2">rdacontent</subfield>
    <subfield code="a">text</subfield>
  </datafield>
  <datafield tag="337" ind1=" " ind2=" ">
    <subfield code="2">rdamedia</subfield>
    <subfield code="a">unmediated</subfield>
  </datafield>
  <datafield tag="338" ind1=" " ind2=" ">
    <subfield code="2">rdacarrier</subfield>
    <subfield code="a">volume</subfield>
  </datafield>
  <datafield tag="500" ind1=" " ind2=" ">
    <subfield code="a">"ESL &amp; EFL friendly!"--Cover. </subfield>
  </datafield>
  <datafield tag="504" ind1=" " ind2=" ">
    <subfield code="a">Includes bibliographical references and index.</subfield>
  </datafield>
  <datafield tag="505" ind1="0" ind2=" ">
    <subfield code="a">Nouns, determiners, and quantifiers -- Adjectives -- Adverbs -- Verbs -- Verb tenses -- Advanced ideas with verbs -- Prepositions -- Sentences and Punctuation -- Usage and style -- The paragraph -- School -- Work -- Social situations -- Getting creative -- Our digital world.</subfield>
  </datafield>
  <datafield tag="520" ind1=" " ind2=" ">
    <subfield code="a">"Mastering English grammar can be a real challenge--but with a little practice and patience, you can discover how to communicate better through self-study in your spare time. 'The English Grammar Workbook for Adults' is here to help improve your writing fluency so you can gain confidence while crafting emails, writing cover letters, conducting daily business, and composing personal correspondence. No matter your current skill level, this grammar workbook has everything you need to learn essential elements, including nouns, verbs, adjectives, adverbs, tenses, and beyond. Then you'll apply what you've learned to everyday situations you could encounter at school, at work, at social situations, with creative writing, online, and more. Fun &amp; functional: This clear, concise book is essential for ESL/EFL and other grammar students who want to work on writing English. Situational success: Get expert tips on how grammar applies to real-world scenarios. Easy-to-use: Find quick answers to your grammar questions using text boxes and the expanded index in the back of the book." -- Back cover.</subfield>
  </datafield>
  <datafield tag="650" ind1=" " ind2="0">
    <subfield code="a">English language</subfield>
    <subfield code="x">Grammar</subfield>
    <subfield code="v">Problems, exercises, etc.</subfield>
  </datafield>
  <datafield tag="650" ind1=" " ind2="0">
    <subfield code="a">English language</subfield>
    <subfield code="v">Problems, exercises, etc.</subfield>
  </datafield>
  <datafield tag="650" ind1=" " ind2="0">
    <subfield code="a">English language</subfield>
    <subfield code="x">Study and teaching.</subfield>
  </datafield>
  <datafield tag="650" ind1=" " ind2="0">
    <subfield code="a">English language</subfield>
    <subfield code="x">Study and teaching</subfield>
    <subfield code="x">Foreign speakers</subfield>
    <subfield code="v">Problems, exercises, etc.</subfield>
  </datafield>
  <datafield tag="942" ind1=" " ind2=" ">
    <subfield code="2">ddc</subfield>
    <subfield code="c">BK</subfield>
    <subfield code="h">428.24</subfield>
    <subfield code="i">D569e</subfield>
    <subfield code="k">CIR</subfield>
    <subfield code="m">2020</subfield>
    <subfield code="n">0</subfield>
  </datafield>
  <datafield tag="952" ind1=" " ind2=" ">
    <subfield code="0">0</subfield>
    <subfield code="1">0</subfield>
    <subfield code="2">ddc</subfield>
    <subfield code="4">0</subfield>
    <subfield code="7">0</subfield>
    <subfield code="a">CSPC</subfield>
    <subfield code="b">CSPC</subfield>
    <subfield code="c">CIR</subfield>
    <subfield code="d">2023-12-01</subfield>
    <subfield code="l">1</subfield>
    <subfield code="o"> CIR 428.24 D569e 2020</subfield>
    <subfield code="p">026464</subfield>
    <subfield code="r">2025-02-22 10:45:59</subfield>
    <subfield code="s">2025-01-22</subfield>
    <subfield code="t">1-1 </subfield>
    <subfield code="w">2023-12-01</subfield>
    <subfield code="y">BK</subfield>
  </datafield>
  <datafield tag="999" ind1=" " ind2=" ">
    <subfield code="c">26652</subfield>
    <subfield code="d">26652</subfield>
  </datafield>
</record>
